Antiarrhythmic effects of preconditioning in anaesthetised dogs and rats

Elmentve itt :
Bibliográfiai részletek
Szerzők: Végh Ágnes
Komori Sadayoshi
szekeres László
Parratt James R
Dokumentumtípus: Cikk
Megjelent: 1992
Sorozat:CARDIOVASCULAR RESEARCH 26 No. 5
Tárgyszavak:
doi:10.1093/cvr/26.5.487

mtmt:1188474
Online Access:http://publicatio.bibl.u-szeged.hu/32303
LEADER 00805nab a2200241 i 4500
001 publ32303
005 20250414084435.0
008 250414s1992 hu o 000 eng d
022 |a 0008-6363 
024 7 |a 10.1093/cvr/26.5.487  |2 doi 
024 7 |a 1188474  |2 mtmt 
040 |a SZTE Publicatio Repozitórium  |b hun 
041 |a eng 
100 1 |a Végh Ágnes 
245 1 0 |a Antiarrhythmic effects of preconditioning in anaesthetised dogs and rats  |h [elektronikus dokumentum] /  |c  Végh Ágnes 
260 |c 1992 
300 |a 487-495 
490 0 |a CARDIOVASCULAR RESEARCH  |v 26 No. 5 
650 4 |a Klinikai orvostan 
700 0 1 |a Komori Sadayoshi  |e aut 
700 0 1 |a szekeres László  |e aut 
700 0 1 |a Parratt James R  |e aut 
856 4 0 |u http://publicatio.bibl.u-szeged.hu/32303/1/aok_klny_944_92.pdf  |z Dokumentum-elérés